1334 1506 1503 1282 1122 1027 1278 1342 1746 1398 1632 1188 1907 1483 1114 1560 1127 1895 1087 1702 1912 1113 1293 1723 1680 1716 1675 1323 1880 1281 1390 1442 1907 1148 1513 1203 1579 1616 1773 1913 1459 1764 1532 1715 1893 1406 1837 1800 1185 1737 1798 1123 1257 1250 1076 1482 1791 1669 1332 1735 1379 1507 1990 1960 1255 1873 1637 1430 1736 1924 1842 1348 1651 1956 1400 1208 1832 1997 1022 1996 1652 1330 1865 1183 1440 1414 1512 1915 1779 1146 1559 1960 1069 1211 1912 1369 1074 1853 1459 BCNSPRNW ULIB Ver.6.0+V

เปลี่ยนเป็นภาษาไทย

Change to English
 แสดงรายละเอียดบรรณานุกรม
  กลับหน้าหลัก

Brief Record : Get Marc (ISO 2709) : E-mail record : QR code < ปิดหน้าต่าง
LEADER : 00000nam 2200000uu 4500
001    13399110298
003     ULIB
008    110428s2552||||th 000 0 tha d
024    9786115490065
100 0  ^aคมสัน วิเศษธร
245 00 ปรากฏการณ์ตาสว่าง^cคมสัน วิเศษธร
260    กรุงเทพฯ:^bอมรินทร์ธรรมะ^c2552
300    146 หน้า
400    ชุด มุมดีๆของชีวิต
650  7 การดำเนินชีวิต
650  7 ความสำเร็จ
650  7 จิตวิทยาประยุกต์
945    ^p130^l0^i030057
995    เกษร
999 ^a ใช้งานได้ทุกระบบ
รายการนี้ยังไม่มีแท็ก
คุณยังไม่ได้ล็อกอิน คุณสามารถมีกิจกรรมร่วมกับเว็บไซต์ได้ แต่ต้องล็อกอินก่อน ::
  ล็อกอิน

รายการสื่อสารสนเทศ

ลำดับที่ ประเภท เลขเรียก/บาร์โค้ด สถานที่ สถานะ
- ไม่พบข้อมูล -

รายการใกล้เคียง
    หัวเรื่อง [การดำเนินชีวิต]
    หัวเรื่อง [ความสำเร็จ]
    หัวเรื่อง [จิตวิทยาประยุกต์]

BibComment


ยังไม่เคยถูกคอมเมนท์

คอมเมนท์ทรัพยากรรายการนี้
  คอมเมนท์: ปรากฏการณ์ตาสว่าง..


 Copyright 2026. Bcnsprnw @Library